American Civil War: States with the most slaves - Statistics

General Stats
  • This quiz has been taken 968 times
  • The average score is 7 of 10
Answer Stats
Percent of population of the state that were slaves State % Correct
57.1% South Carolina
97%
55.1% Mississippi
82%
48.2% Georgia
78%
46.8% Louisiana
72%
45.1% Alabama
71%
33.3% North Carolina
68%
30.9% Virginia
68%
43.9% Florida
67%
30.2% Texas
67%
26.0% Arkansas
61%
No matching quizzes found
Score Distribution
Percent of People with Each Score
Percentile by Number Answered
Your Score History
You have not taken this quiz